Statistics for Country Flag Pairs by Description

Click here to take the quiz!

General Stats

  • This quiz has been taken 26 times
    (25 since last reset)
  • The average score is 19 of 24

Answer Stats

DescriptionCountryFlag% Correct
Horizontal bicolor with red on top and white on bottomIndonesia
95%
Vertical triband of green, white, and orangeIreland
95%
Consists of a large red circle on a solid fieldJapan
95%
Horizontal bicolor with red on top and white on bottomMonaco
95%
Vertical triband of green, white, and orangeCôte d'Ivoire
91%
Horizontal triband with red on top, white in the middle, and blue on bottomNetherlands
91%
Depicts the Southern Cross on a blue field, with the Union Jack in the cantonAustralia
86%
White at the hoist and red at the fly, separated by a serrated edgeBahrain
86%
Vertical triband with blue at the hoist, gold in the middle, and red at the flyChad
86%
Depicts the Southern Cross on a blue field, with the Union Jack in the cantonNew Zealand
86%
White at the hoist and red at the fly, separated by a serrated edgeQatar
86%
Vertical triband with blue at the hoist, gold in the middle, and red at the flyRomania
86%
Consists of a single large star on a red fieldVietnam
86%
Horizontal triband with red on top, white in the middle, and blue on bottomLuxembourg
82%
Has square proportionsSwitzerland
82%
Consists of a large red circle on a solid fieldBangladesh
77%
Depicts the outline of the countryCyprus
77%
Uses only black, white, and blueEstonia
73%
Depicts the outline of the countryKosovo
73%
Consists of a single large star on a red fieldMorocco
68%
Uses purple (including seals)Dominica
59%
Has square proportionsVatican City
50%
Uses only black, white, and blueBotswana
41%
Uses purple (including seals)Nicaragua
23%

Score Distribution

Percentile by Number Answered

Percent of People with Each Score

Your Score History

You have not taken this quiz since the last reset